000 00636cam a2200229 4500
001 J109243
008 000000n2000 000 0 eng u
035 _a(Sirsi) u109243
050 _a333.337016
110 _aFPDSavills
_93625
245 4 _aThe corporate quantum spring 2000 : the property cost of establishing a European office
260 _aLondon
_bFPD Savills
_c2000
300 _a1 folded sheet ; 30cm.
650 _aEUROPE
650 _aOFFICES
650 _aOCCUPANCY COSTS
650 _aFLOOR SPACE
650 _aRENTS
650 _aPROPERTY-COMMERCIAL PROPERTY
690 _aINTERNATIONAL-EUROPE
942 _n0
999 _c100913
_d100913